000 00875nam a2200277Ia 4500
005 20220317000232.0
008 141031s2010 s 0 spa d0f s
020 _a9789588699035
100 1 _aPiglia, Ricardo
_d1941-
245 1 0 _aBlanco nocturno
_cRicardo Piglia
250 _aPrimera edición
300 _a299 páginas
_c22 cm
490 _aNarrativas hispánicas
650 1 4 _2LEMB
_aNovela argentina
_ySiglo XX
650 1 4 _2LEMB
_aLiteratura argentina
_ySiglo XX
650 1 4 _2LEMB
_aRelaciones familiares en la litertura
650 1 4 _2LEMB
_aDetectives en la literatura
650 1 4 _2LEMB
_aPolicías en la literatura
942 _2loc
_cBKLIT
264 _aBarcelona
_bAnagrama
_c2010
336 _atexto
_btxt
_2rdacontent
337 _asin mediación
_bn
_2rdamedia
338 _avolumen
_bnc
_2rdacarrier
040 _aCO-BoRNBP
_bspa
_erda
_cCO-BoRNBP
084 _aN PIG1
999 _c3479
_d3479